[Event "Boeing Experts"]
[Site "?"]
[Date "1970.10.27"]
[Round "1"]
[White "Clark, A."]
[Black "Bailey, B."]
[Result "1-0"]
[WhiteElo "2054"]
[BlackElo "1950"]
[Annotator "Stockfish 14 (15s)"]
[PlyCount "97"]
[EventDate "1970.??.??"]

{E51: Nimzo-Indian: Rubinstein: 4...0-0 5 Nf3 d5} 1. c4 Nf6 2. Nc3 e6 3. Nf3 d5
4. d4 Bb4 5. Bd2 O-O 6. e3 Nc6 7. b3 (7. c5 e5 8. a3 Bxc3 9. Bxc3 exd4 10. Bxd4
Nxd4 11. Qxd4 Bf5 12. Ne5 c6 13. g4 Be6 14. Bd3 Nd7 15. Nxd7 Qxd7 16. Rg1 Rfe8
17. h4 Qe7 18. g5 Bd7 19. h5 Qe5 20. Qxe5 Rxe5 21. Kd2 Rae8 {
Jellison,D (2285)-Terrie,H (2239) Manchester 1989 1/2-1/2 (62)}) 7... Re8 8. a3
$146 (8. Bd3 a6 9. O-O dxc4 10. bxc4 e5 11. Bc2 Bg4 12. Ne4 exd4 13. exd4 Nxe4
14. Bxe4 Bxd2 15. Qxd2 Rxe4 16. d5 Bxf3 17. gxf3 Rxc4 18. Qd3 Ne5 19. Qb3 b5
20. Rfe1 Qxd5 21. Re3 f6 22. Rd1 Qf7 {
Matiaske,W (1100)-Blumberger,T (1239) Dortmund 2005 0-1}) 8... Bxc3 (8... Bf8
$142 $5 $11) 9. Bxc3 $16 Ne4 (9... b6 $5 $16) 10. Bb2 $18 Na5 11. Bd3 b6 12.
O-O (12. Qc2 Bb7 $18) 12... Bb7 (12... Ba6 13. Bxe4 dxe4 14. Nd2 $16) 13. Qc2
$18 {White plans c5} f5 (13... Qe7 14. c5 Nc6 15. b4 $18) 14. Rac1 (14. c5 Nc6
$18) 14... Rc8 $2 (14... dxc4 $142 $5 15. bxc4 c5 $16) 15. c5 $18 a6 $6 (15...
Nc6 $18) 16. Ne5 Nc6 17. Nxc6 Bxc6 18. Bxa6 Ra8 19. Bd3 Bb7 (19... b5 20. Ra1
$18) 20. b4 (20. f3 Nf6 21. b4 h5 $18) 20... c6 (20... Qg5 21. Rfe1 $18) 21. a4
Rc8 (21... h5 22. f3 Nf6 $18) 22. Qb3 (22. Ra1 $142 $18) 22... Nd2 23. Qa2 (23.
Qc3 $5 Nxf1 24. Bxf1 Ra8 $18) 23... Nxf1 $16 24. Bxf1 Re7 (24... Ra8 25. Qb3
Ra7 26. h3 $16) 25. Ra1 (25. Bc3 $5 Ra8 26. Qc2 Qc7 $18) 25... Ra8 $16 26. Qb3
(26. Qb1 Bc8 $16) 26... Bc8 27. Bc3 (27. b5 cxb5 28. axb5 Rxa1 29. Bxa1 Ra7 $16
) 27... Rea7 28. Be1 b5 29. a5 Qf6 (29... h5 30. Qd1 g6 31. f3 $16) 30. Qd3 (
30. f3 g5 $16) 30... g5 (30... h5 31. Qe2 h4 32. h3 $14) 31. Be2 (31. f3 Bd7
$16) 31... Rg7 (31... h5 32. f3 $11) 32. f3 h5 33. Bd2 (33. Bg3 f4 34. Be1 h4
$14) 33... Ba6 (33... Bd7 34. Rf1 $11) 34. Rf1 Rd8 35. Be1 Rh7 36. Bg3 f4 37.
Bf2 Rhd7 (37... Rg7 38. Re1 h4 39. h3 $14) 38. Bd1 (38. exf4 $5 gxf4 39. h4 Re8
$16) 38... Re7 39. Bc2 e5 $4 (39... Rg7 $142 $16) 40. dxe5 $18 Qxe5 (40... Qg7
41. exf4 Rf8 42. fxg5 $18) 41. exf4 Qxf4 (41... Qe2 42. fxg5 Qxd3 43. Bxd3 $18)
42. Qg6+ Kf8 (42... Rg7 43. Qe6+ Qf7 44. Qxc6 $18) 43. Bg3 Qe3+ 44. Kh1 Re6 (
44... Qe6 45. Qxg5 d4 46. Be4 $18) 45. Qxh5 Qe2 46. Qh8+ Kf7 47. Qh7+ Kf8 48.
Bd3 Rd7 49. Qh8+ (49. Qh8+ Ke7 50. Bxe2 Rxe2 51. f4 Rd8 52. Qg7+ Ke8 53. fxg5
Re7 54. Qg6+ Kd7 55. Qd6+ Ke8 56. Qxc6+ Rdd7 57. Qg6+ Rf7 58. Qg8+ Rf8 59.
Qxf8#) 1-0

[Event "Boeing Experts"]
[Site "?"]
[Date "1970.11.11"]
[Round "2"]
[White "Bailey, B."]
[Black "LeCompte, G."]
[Result "0-1"]
[WhiteElo "1983"]
[BlackElo "2015"]
[Annotator "Stockfish 14 (15s)"]
[PlyCount "20"]
[EventDate "1970.??.??"]

{C11: French: Classical System: 4 e5 and 4 Bg5 dxe4} 1. e4 e6 2. d4 d5 3. Nc3
Nf6 4. e5 Nfd7 5. Qg4 c5 6. Nb5 (6. Be3 cxd4 7. Bxd4 Nc6 8. Nf3 a6 9. O-O-O b5
10. Bd3 Bb7 11. Rhe1 Qa5 12. Ng5 Nxd4 13. Qxd4 Qb4 14. Ne2 Qxd4 15. Nxd4 h6 16.
Ngxe6 fxe6 17. Nxe6 Ke7 18. Nf4 Rg8 19. Bh7 Rh8 20. Ng6+ Ke6 {
Lerke,B (1961)-Berger,A (1882) Germany 2006 1-0}) 6... cxd4 7. Nd6+ Bxd6 8.
Qxg7 $146 (8. exd6 Qf6 (8... Nc6 9. Qxg7 Qf6 10. Qxf6 Nxf6 11. Bb5 a6 12. Bxc6+
bxc6 13. Bf4 Rg8 14. Be5 Nd7 15. Bxd4 Rxg2 16. c3 c5 17. Be3 Bb7 18. Ne2 O-O-O
19. Nf4 Rg4 20. h3 Rgg8 21. Rf1 Bc6 22. O-O-O Kb7 23. Rg1 {
Taofiq,M-Khedkar,J Winnipeg 1997 0-1 (46)}) (8... O-O 9. Bh6 Qf6 10. Qxg7+ Qxg7
11. Bxg7 Kxg7 12. O-O-O Nc6 13. Rd3 Kh8 14. Rh3 Nde5 15. Nf3 Nxf3 16. gxf3 Ne5
17. f4 Ng6 18. Bd3 e5 19. Rh5 e4 20. f5 Nf4 21. Rh4 Nxd3+ 22. cxd3 Bxf5 23. Rh5
{Seelhoefer,T (1372)-Musiol,L (1551) Dortmund 2004 0-1 (44)}) 9. Bg5 Qe5+ 10.
Kd2 Qxd6 11. Re1 Nc6 12. Nf3 Nc5 13. Bf4 Ne4+ 14. Kc1 Qf8 15. Bg3 h5 16. Qf4
Qe7 17. Bb5 g5 18. Qe5 f6 19. Qxd4 h4 20. Rxe4 dxe4 21. Bd6 e5 22. Qd5 Qd7 {
Friese,P-Zaragatski,I (2209) Kleve 2001 0-1 (57)}) (8. exd6 O-O 9. Bh6 $19)
8... Bxe5 9. Qg4 (9. Qh6 Rg8 $19) 9... Nf6 (9... Nc6 $5 10. Bd3 Bf6 11. Qh5 $19
) 10. Qg7 (10. Qh4 Bd6 11. Bd3 e5 $19) 10... Rg8 (10... Rg8 11. Qh6 Bd6 $19)
0-1

[Event "Boeing Experts"]
[Site "?"]
[Date "1970.11.24"]
[Round "3"]
[White "Gray, M."]
[Black "Bailey, B."]
[Result "1-0"]
[WhiteElo "1894"]
[BlackElo "1983"]
[Annotator "Stockfish 14 (15s)"]
[PlyCount "73"]
[EventDate "1970.??.??"]

{C73: Ruy Lopez: Deferred Steinitz: 5 Bxc6+} 1. e4 e5 2. Nf3 Nc6 3. Bb5 a6 4.
Ba4 d6 5. Bxc6+ bxc6 6. d4 exd4 7. Nxd4 Bb7 8. O-O c5 (8... Nf6 9. Nf5 g6 10.
Nh6 Qe7 11. Nc3 O-O-O 12. Qd4 c5 13. Qa4 Nxe4 14. Nxe4 Bxh6 15. Nxc5 Bxc1 16.
Nxb7 Kxb7 17. Raxc1 Rhe8 18. c4 c6 19. Rc3 Qc7 20. c5 dxc5 21. Rxc5 Qb6 22. Rc3
Rd5 23. Qf4 {Zakoucka,A (2070)-Zavadilova,J (1750) Czechia 2003 1-0 (39)}) 9.
Nb3 Ne7 10. Nc3 g6 $146 (10... a5 11. a4 Ng6 12. Nd5 c6 13. Ne3 Be7 14. Bd2 d5
15. Nf5 O-O 16. Nxe7+ Nxe7 17. Nxc5 Bc8 18. Be3 dxe4 19. Nxe4 Nf5 20. Bc5 Qxd1
21. Rfxd1 Re8 22. f3 Be6 23. Rd2 Rab8 24. b3 f6 25. Kf2 {
Janetschek,K (2295)-Pfeiffer,G Austria 1995 1-0 (33)}) (10... a5 $142 $5 11. a4
Nc6 $11) 11. Na5 (11. e5 dxe5 12. Qe2 Bg7 $16) 11... Qc8 12. Bg5 (12. Nd5 Bg7
13. Nxe7 Kxe7 $16) 12... Bg7 13. Nxb7 Qxb7 14. Bxe7 (14. Rb1 f6 15. Bh4 O-O $14
) 14... Kxe7 (14... Bxc3 $5 15. bxc3 Kxe7 $11) 15. Nd5+ $16 Kd8 $2 (15... Kf8
$5 16. c3 Kg8 $16) 16. Qd2 (16. Qg4 $142 c6 17. Qh4+ Kc8 18. Ne3 $18) 16... c6
$4 (16... Kc8 $142 $18) 17. Qa5+ Kd7 (17... Ke8 18. Nc7+ Kd7 19. Nxa8 Rxa8 20.
Qd2 $18) 18. Nb6+ Ke7 19. Nxa8 Rxa8 20. f4 (20. Rad1 Rd8 21. e5 Bxe5 $18) 20...
Bd4+ (20... Ra7 21. Qe1 Kf8 22. Kh1 $18) 21. Kh1 c4 (21... Qxb2 22. e5 $1 Qxa1
23. Qc7+ Kf8 24. Rxa1 Bxa1 25. exd6 $18) 22. c3 (22. e5 Qb6 23. Qa3 Bc5 $18)
22... Ba7 (22... Bc5 23. e5 Qb6 24. exd6+ Kd7 25. Qa4 $18) 23. Qa4 (23. Rad1
$142 $5 Bc5 24. e5 Qb6 25. Qxb6 Bxb6 26. Rxd6 Rd8 27. Rxd8 Bxd8 $18) 23... Qb5
24. Qxb5 (24. Qd1 $142 Qh5 25. Qc2 Qc5 $18) 24... axb5 25. a4 Bc5 (25... b4 26.
cxb4 Bd4 27. Ra2 $18) 26. a5 (26. axb5 Rxa1 27. Rxa1 cxb5 $18) 26... Re8 (26...
d5 27. exd5 cxd5 $18) 27. a6 Ba7 (27... Ra8 28. f5 $18) 28. g4 f6 (28... Kd7
29. f5 g5 30. Rf3 $18) 29. e5 $1 d5 (29... dxe5 30. Rae1 {Combination}) (29...
fxe5 30. fxe5 dxe5 31. Rae1 {Combination}) 30. Rfe1 (30. exf6+ $142 Kxf6 31.
Rae1 Rxe1 32. Rxe1 d4 33. cxd4 Bxd4 $18) 30... fxe5 (30... Rc8 $18) 31. Rxe5+
Kd7 32. Rxe8 Kxe8 33. Re1+ Kf7 34. Kg2 c5 (34... d4 35. cxd4 h6 36. Kf3 $18)
35. Re5 d4 36. cxd4 cxd4 37. Rxb5 (37. Rxb5 c3 38. bxc3 dxc3 39. Kf3 $18) 1-0

[Event "Boeing Experts"]
[Site "?"]
[Date "1970.12.22"]
[Round "4"]
[White "Bailey, B."]
[Black "Pitt, A."]
[Result "1-0"]
[WhiteElo "1983"]
[BlackElo "2078"]
[Annotator "Stockfish 14 (15s)"]
[PlyCount "137"]
[EventDate "1970.??.??"]

{C61: Ruy Lopez: Bird's Defence} 1. e4 e5 2. Nf3 Nc6 3. Bb5 Nd4 4. Ba4 Nxf3+ 5.
Qxf3 Qf6 6. Nc3 $146 (6. Qg3 Bc5 7. d3 (7. O-O Ne7 8. d3 h6 9. Be3 Bb6 10. c4
Bxe3 11. fxe3 Qg5 12. Qxg5 hxg5 13. Nc3 c6 14. c5 b6 15. b4 bxc5 16. bxc5 Ba6
17. Bb3 f6 18. Rfd1 Ng6 19. d4 exd4 20. exd4 Nf4 21. Rd2 O-O-O {
Povah,N (2325)-Horner,J (2390) Chester 1979 1-0 (34)}) 7... h6 8. Nc3 c6 9. Bb3
Bb4 10. O-O Bxc3 11. bxc3 Ne7 12. f4 Qg6 13. fxe5 O-O 14. Ba3 Qxg3 15. hxg3 d5
16. Bxe7 Re8 17. Bd6 Be6 18. exd5 cxd5 19. c4 dxc4 20. dxc4 a5 {
Garcia Caballero,L (2235)-Jurgen,H Corte Ingles 1998 1-0 (33)}) (6. Qxf6 Nxf6
7. Nc3 (7. d3 h6 8. Nd2 Bc5 9. Nc4 Ng4 10. O-O c6 11. Be3 Bxe3 12. Nxe3 d6 13.
Nxg4 Bxg4 14. f4 exf4 15. Rxf4 Be6 16. d4 O-O 17. c3 a5 18. d5 cxd5 19. exd5
Bxd5 20. Rd4 Be6 21. Rxd6 Rfd8 {
Huerta Mazcunan,J-Garcia Perez,R Valencia 2004 1-0 (42)}) 7... c6 8. d3 b5 9.
Bb3 a5 10. a4 b4 11. Ne2 Ba6 12. Be3 d5 13. f3 Be7 14. Ng3 O-O 15. Nf5 Bd8 16.
Bc5 Re8 17. O-O-O g6 18. Nd6 Rf8 19. d4 exd4 20. exd5 Nd7 {
Shapoval,A (2304)-Burakovsky,M (2042) Kiev 2005 1-0 (53)}) (6. Qg3 c6 $14) 6...
Qxf3 $11 7. gxf3 c6 8. d3 f5 9. f4 (9. exf5 $143 Ne7 10. f4 exf4 11. Bxf4 d5
$15) 9... d6 10. Rg1 g6 11. fxe5 dxe5 12. Bd2 f4 $2 (12... Nf6 13. Bb3 $11) 13.
a3 (13. Nd5 $5 Bd6 14. Nxf4 Nf6 $16) 13... Be6 (13... Nh6 14. d4 Bd6 15. Ne2
$11) 14. d4 (14. Nd5 Bxd5 15. exd5 Ne7 $14) 14... b5 (14... exd4 15. Ne2 O-O-O
16. f3 $11 (16. Bxf4 $143 Bg7 $17)) 15. d5 bxa4 16. dxe6 Ke7 17. Nxa4 Kxe6 18.
Ke2 (18. Bb4 Nh6 $14) 18... Rb8 (18... Nf6 19. f3 $11) 19. Rad1 (19. Bb4 Nf6
20. Bxf8 Rhxf8 $14) 19... Nf6 $11 20. f3 Rg8 21. Ba5 Be7 22. Rd2 $4 (22. Bb4
$142 $11) 22... g5 $19 23. Rgd1 g4 (23... Rg6 $142 $5 24. Bc7 Re8 $19) 24. Bc7
$17 Rbc8 (24... Rbe8 $142 $5 25. Bd6 Rg6 26. Nc5+ Kf7 27. Bxe7 Rxe7 $15) 25.
Bd6 $11 c5 26. b4 (26. Bxe7 $142 Kxe7 27. Nc3 $11) 26... cxb4 $17 27. axb4 $4 (
27. Bxe7 $142 Kxe7 28. axb4 $17) 27... Bxd6 (27... gxf3+ $142 28. Kxf3 Nxe4 29.
Kxe4 Rc4+ 30. Kd3 Rd4+ 31. Kc3 Rxd2 32. Nc5+ Kxd6 33. Kxd2 Kc6 $19) 28. Rxd6+
$11 Kf7 29. Nc5 g3 30. hxg3 fxg3 31. Kf1 h5 (31... Nh5 32. Rd7+ Kg6 33. Kg2 $11
) 32. Kg2 (32. Ra6 $142 $5 g2+ 33. Kg1 $16) 32... a5 $11 33. c3 axb4 34. cxb4
Rc7 (34... h4 $5 $11) 35. Rh1 $14 Rg6 (35... Rb8 $142 $5 $14) 36. Rh3 $18 Ra7
$4 (36... Rh6 $142 37. Rxg3 h4 $16) 37. Rxg3 Ra2+ 38. Kh3 Rxg3+ 39. Kxg3 Rb2 (
39... Ra3 40. Rd3 Ra7 $18) 40. Nd3 Rb3 41. Nxe5+ Ke7 42. Rd4 Ke6 43. Ng6 Rb1
44. Nh4 Ke5 (44... Rh1 45. Rc4 $18) 45. Rc4 Rg1+ 46. Kh2 (46. Kf2 $142 Rb1 47.
Rc5+ Ke6 $18) 46... Rg8 (46... Rb1 47. Kg3 $18) 47. Rc5+ Ke6 48. b5 Rb8 (48...
Nd7 49. Rxh5 Rc8 50. Nf5 $18) 49. Rc6+ Kf7 50. b6 (50. Nf5 $142 $5 Nd7 51. Nd4
Nf8 $18) 50... Nd7 51. Rh6 Nxb6 (51... Rxb6 52. Rh7+ Ke6 53. Nf5 Rb2+ 54. Kg3
$18) 52. Kg3 Nc4 (52... Na4 53. Rxh5 Nc3 54. Kf4 $18) 53. Rxh5 Ke6 (53... Nb2
54. Rd5 $18) 54. Kf4 {White intends e5} Rf8+ (54... Rb1 55. Nf5 $18) 55. Nf5
Nb2 (55... Kd7 $18) 56. Rh6+ Kf7 57. e5 Nd3+ 58. Ke4 Nc5+ 59. Kd5 Nd3 60. Rf6+
Ke8 61. Rxf8+ Kxf8 62. Kd6 Nb2 63. Ne3 Nd3 64. e6 Nf4 65. Nd5 {
White prepares e7} Nh5 66. e7+ Kf7 67. Nc7 Ng7 68. e8=Q+ $1 Nxe8+ 69. Nxe8 1-0

[Event "Boeing Experts"]
[Site "?"]
[Date "1970.12.29"]
[Round "5"]
[White "Pitt, A."]
[Black "Bailey, B."]
[Result "1-0"]
[WhiteElo "2078"]
[BlackElo "1983"]
[Annotator "Stockfish 14 (15s)"]
[PlyCount "51"]
[EventDate "1970.??.??"]

{D40: Queen's Gambit Declined: Semi-Tarrasch with 5 e3} 1. d4 d5 2. c4 dxc4 3.
Nc3 c5 4. e3 e6 5. Nf3 Nf6 6. Bxc4 a6 7. O-O b5 8. Bd3 Bb7 9. a3 Nc6 10. dxc5
Bxc5 11. b4 (11. Qc2 Qe7 (11... Bb6 12. Rd1 Qc7 13. Bd2 Ne5 14. Nxe5 Qxe5 15.
Ne2 Rc8 16. Bc3 Qg5 17. Ng3 Qh4 18. Bxf6 gxf6 19. Qe2 Rc5 20. Rac1 Re5 21. Qd2
O-O 22. Qb4 Qh6 23. Qf4 Qg7 24. Be4 Bxe4 25. Nxe4 f5 26. Ng3 {
Jorgensen,B (2198)-Simonsen,P Tastrup 2000 0-1 (67)}) 12. Bd2 Rc8 13. Rac1 Bd6
14. Ne4 Nxe4 15. Bxe4 f5 16. Bxc6+ Rxc6 17. Qxc6+ Bxc6 18. Rxc6 O-O 19. Rxa6 e5
20. Rc1 e4 21. Nd4 f4 22. exf4 Bxf4 23. Bxf4 Rxf4 24. Ne6 Rf6 25. Rc8+ Kf7 {
Vaganian,R (2590)-Suba,M (2470) Yerevan 1980 1-0 (53)}) 11... Bd6 12. Ne4 $146
(12. Bb2 Ne5 13. Nxe5 Bxe5 14. Rc1 O-O 15. Qe2 Rc8 16. f4 Bb8 17. Rcd1 Qe7 18.
e4 h5 19. h3 Rfd8 20. e5 Ba7+ 21. Kh1 Ng4 22. Ne4 Qh4 23. Rde1 Bxe4 24. Qxe4
Qg3 25. Qh7+ Kf8 {0-1 (25) Ern,H-Rausch,K Vilnius 1912}) 12... Ne5 $4 (12...
Nxe4 $142 13. Bxe4 f5 14. Bxc6+ Bxc6 $11) 13. Nxd6+ $18 Qxd6 14. Bxb5+ $1 Ke7 (
14... axb5 15. Qxd6 {Discovered attack}) 15. Qxd6+ Kxd6 16. Nxe5 Kxe5 17. Bb2+
Kd6 18. Rfd1+ (18. Bd3 Rhc8 19. Rfc1 Nd7 $18) 18... Ke7 19. Ba4 (19. Bd3 $142
Rhc8 $18) 19... Nd5 (19... Rhc8 20. Rac1 g5 21. f3 $18) 20. Bd4 (20. Rac1 Rhc8
21. Bd4 f5 22. Bxg7 Nb6 $18) 20... Rhd8 (20... a5 21. e4 axb4 22. axb4 (22.
exd5 $6 Rxa4 23. Bc5+ Kf6 $16) 22... Nxb4 23. Rdb1 Bxe4 24. Rxb4 $18) 21. Rac1
Rac8 22. Rxc8 (22. e4 $5 Nf4 23. Rxc8 Rxc8 24. Bxg7 Bc6 25. Bxc6 Rxc6 $18)
22... Rxc8 23. f3 Kf8 (23... Bc6 24. Rc1 Kd7 $18) 24. e4 Nc3 (24... Nf6 25. Kf2
$18) 25. Bxc3 Rxc3 26. Rd8+ (26. Rd8+ Ke7 27. Rd7+ Kf8 28. Rxb7 Rxa3 29. Bc6
$18) 1-0

[Event "Boeing Experts"]
[Site "?"]
[Date "1971.01.05"]
[Round "6"]
[White "Bailey, B."]
[Black "Clark, A."]
[Result "1-0"]
[WhiteElo "1983"]
[BlackElo "2054"]
[Annotator "Stockfish 14 (15s)"]
[PlyCount "105"]
[EventDate "1971.??.??"]

{B01: Scandinavian Defence} 1. e4 d5 2. exd5 Qxd5 3. Nc3 Qa5 4. d4 Nf6 5. Nf3
c6 6. Bd3 Bg4 7. h3 Bh5 8. Bd2 Qc7 9. g4 Bg6 10. Ne5 Bxd3 11. Nxd3 e6 12. Qe2
Nbd7 $146 (12... Bd6 13. Ne4 Nxe4 14. Qxe4 Nd7 15. g5 O-O-O 16. O-O-O c5 17.
dxc5 Nxc5 18. Nxc5 Bxc5 19. Bf4 Bd6 20. Bxd6 Rxd6 21. Rxd6 Qxd6 22. Rd1 Qe7 23.
Qc4+ Qc7 24. Qd4 Rd8 25. Qxa7 Rxd1+ 26. Kxd1 Qc4 27. Qa8+ {
Aigner,G (1816)-Kycler,J (1762) Tiefenbach 2004 1/2-1/2 (39)}) 13. O-O-O Bd6 (
13... Nb6 14. Kb1 $16) 14. f4 (14. h4 Nb6 15. Kb1 Nbd5 $18) 14... O-O-O 15. Ne5
(15. Rhf1 Nb6 $16) 15... Nb6 16. Ne4 (16. Rhe1 $5 $16) 16... Nxe4 $14 17. Qxe4
Nd5 (17... h5 $5 $14) 18. Rhf1 g6 (18... f6 19. Nd3 Rhe8 20. Qxh7 $16) 19. c4
Nf6 20. Qf3 Rhf8 21. Kb1 (21. Qe2 c5 22. Be1 Nd7 $16) 21... Kb8 (21... Nd7 22.
Bc3 $16) 22. Be3 (22. Nd3 Ka8 $16) 22... Nd7 (22... Ka8 23. Bf2 $16) 23. Qf2 (
23. c5 $5 Be7 24. Nc4 Nf6 $18) 23... Qa5 (23... f5 24. d5 exd5 25. Nxd7+ Qxd7
26. Bxa7+ Ka8 27. g5 $14) 24. Rd3 (24. Nd3 h5 $16) 24... f6 (24... f5 25. Qg2
$14) 25. Nxd7+ (25. Nf3 Qc7 26. Nd2 f5 $16) 25... Rxd7 26. Rfd1 (26. f5 gxf5
27. gxf5 Qxf5 28. Qxf5 exf5 29. Rxf5 Be7 $16) 26... Be7 (26... Rfd8 27. a3 $11)
27. f5 (27. Qe2 Bd6 $16) 27... exf5 (27... gxf5 28. gxf5 Qxf5 29. Qxf5 exf5 30.
Rf1 $11) 28. Bf4+ (28. d5 $5 cxd5 29. Rxd5 Rxd5 30. Rxd5 $14 (30. cxd5 $143 Bd6
$11)) 28... Ka8 $11 29. d5 Bc5 30. Be3 Bxe3 31. Qxe3 cxd5 $4 (31... Qb6 $142
32. c5 Qa6 33. dxc6 Rxd3 34. cxb7+ Qxb7 35. Qxd3 fxg4 36. hxg4 h5 $11) 32. Ra3
$18 d4 (32... f4 33. Qd4 (33. Rxa5 $4 fxe3 34. cxd5 Re8 $19) 33... Qxa3 34.
bxa3 $18) 33. Rxa5 dxe3 34. Rxd7 Re8 (34... a6 35. Re7 fxg4 36. hxg4 $18) 35.
Rad5 Kb8 36. Rd1 (36. Rd8+ Rxd8 37. Rxd8+ Kc7 $18) 36... Re4 (36... fxg4 37.
hxg4 f5 38. gxf5 $18) 37. gxf5 gxf5 38. Kc2 f4 (38... e2 39. Re1 Rxc4+ 40. Kd2
$18) 39. Kd3 f5 40. Re1 b5 (40... Re6 41. Rd4 $18) 41. cxb5 Re5 42. Rd4 Rxb5
43. Rxf4 Rxb2 (43... Kc7 44. b3 Rb6 $18) 44. Re2 Rb5 45. Rxe3 Kc7 46. Re7+ Kd6
47. Rxa7 Ke5 48. Ke3 (48. Rxf5+ Kxf5 49. Rxh7 Kg6) 48... Rb2 (48... Rc5 49. Rh4
Rc3+ 50. Kd2 Rc8 51. Ra5+ Kf6 52. Rxh7 Rd8+ 53. Ke3 Kg6 $18) 49. Rf7 Rxa2 50.
R7xf5+ Ke6 51. Rh5 Ra3+ 52. Kd2 Ra2+ 53. Kc3 1-0

[Event "Boeing Experts"]
[Site "?"]
[Date "1971.01.16"]
[Round "7"]
[White "Bailey, B."]
[Black "Gray, M."]
[Result "1-0"]
[WhiteElo "1983"]
[BlackElo "1894"]
[Annotator "Stockfish 14 (15s)"]
[PlyCount "47"]
[EventDate "1971.??.??"]

{C10: French with 3 Nc3: Unusual Black 3rd moves and 3...dxe4} 1. e4 Nc6 2. d4
e6 3. Nc3 d5 4. Nf3 dxe4 5. Nxe4 h6 6. a3 $146 (6. Bb5 Bd7 7. O-O a6 (7... f5
8. Nc3 Nf6 9. d5 exd5 10. Nxd5 Be6 11. Nxf6+ gxf6 12. Nd4 Qd6 13. Re1 {
1-0 (13) Di Berardino,D (2252)-Sopko,T Vitoria 2002}) 8. Ba4 b5 9. Bb3 a5 10.
c3 Nf6 11. Bc2 b4 12. Rb1 Bd6 13. Re1 bxc3 14. bxc3 Nb8 15. c4 Bb4 16. Bd2 Na6
17. a3 Bxa3 18. Bxa5 Rb8 19. Qd2 Be7 20. d5 exd5 {
Hadenfeldt,M-Palmer,M (941) Worms 2001 0-1 (40)}) (6. c3 Nf6 (6... Be7 7. Bd3
Nf6 8. Qe2 b6 9. O-O Bb7 10. Bf4 Nb8 11. Bb5+ c6 12. Bd3 Nbd7 13. Nd6+ Bxd6 14.
Bxd6 Nd5 15. Qxe6+ Ne7 16. Bg6 O-O 17. Bxe7 fxe6 18. Bxd8 Raxd8 19. Rfe1 Rf6
20. Be4 Rb8 21. Rad1 {Makarczyk,K-Mnichowicz,E Sopot 1946 1-0 (54)}) 7. Nxf6+
Qxf6 8. Be3 Bd6 9. Bd3 e5 10. dxe5 Nxe5 11. Nxe5 Bxe5 12. Qb3 O-O 13. O-O-O Bf4
14. Bxf4 Qxf4+ 15. Rd2 Qf6 16. Rhd1 Qb6 17. Qxb6 axb6 18. Bc4 Re8 19. a3 Bf5
20. f3 Rac8 {Maslak,A (2187)-Bojmic,D (1899) Pardubice 2006 1-0 (45)}) (6. Be2
Nf6 7. Ng3 Bd6 8. c3 b6 9. O-O Bb7 10. Re1 Ne7 11. Nf1 O-O 12. Bd3 c5 13. Bb1
Qc7 14. N3d2 Rfd8 15. Ne4 Kf8 16. Nxf6 gxf6 17. Bxh6+ Ke8 18. Qh5 Kd7 19. Qxf7
Rh8 20. Qxe6+ Kd8 {Tasoko,T-San Martin,V Curitiba 1984 1-0}) 6... Nf6 (6... g5
7. Bd3 f5 8. Ng3 $16) 7. Bd3 Be7 8. O-O O-O 9. c3 Re8 (9... Bd6 10. b4 Nxe4 11.
Bxe4 $16) 10. Qe2 (10. Nxf6+ Bxf6 11. Bf4 Bd7 $18) 10... Bf8 $2 (10... Bd6 $5
$16) 11. Ne5 (11. Re1 Nd5 12. c4 Nb6 $18) 11... Nxe5 (11... Nxe4 12. Bxe4 Bd7
$18) 12. dxe5 $18 Nd7 $2 (12... Nxe4 13. Qxe4 g6 14. Rd1 $18) 13. f4 (13. Bf4
$142 $18) 13... Nc5 14. Nxc5 (14. Bc2 Nxe4 15. Qxe4 g6 $18) 14... Bxc5+ 15. Kh1
a5 (15... Bd7 $142 $18) 16. Be3 (16. Rf3 $142 $5 Bd7 17. Rg3 $18) 16... Bxe3
$16 17. Qxe3 Qd5 $4 (17... Bd7 $142 18. Rf3 Bc6 $16) 18. Rad1 $18 Qb3 19. Qe4
Bd7 (19... g6 20. Qe2 Kg7 $18) 20. Qh7+ Kf8 21. Qh8+ Ke7 22. Qxg7 Rg8 (22...
Rf8 23. Qf6+ Ke8 24. Rd2 $18) 23. Qf6+ Ke8 24. Bh7 (24. Bh7 Rf8 25. Rd2 $18)
1-0

[Event "Boeing Experts"]
[Site "?"]
[Date "1970.01.20"]
[Round "8"]
[White "LeCompte, G."]
[Black "Bailey, B."]
[Result "1-0"]
[WhiteElo "2015"]
[BlackElo "1983"]
[Annotator "Stockfish 14 (15s)"]
[PlyCount "103"]
[EventDate "1970.??.??"]

{D27: Queen's Gambit Accepted: Classical main line: 7 e4!? and 7 a4} 1. d4 d5
2. c4 dxc4 3. Nf3 Nf6 4. e3 e6 5. Bxc4 c5 6. Nc3 a6 7. a4 Nc6 8. O-O cxd4 9.
exd4 Be7 10. d5 exd5 11. Nxd5 Nxd5 12. Bxd5 O-O 13. Qb3 (13. Bxc6 bxc6 14. Qxd8
Rxd8 15. Ne5 Bd7 16. Nxd7 Rxd7 17. Be3 Rb7 18. Rfc1 Rxb2 19. Rxc6 a5 20. g3 h6
21. Bd4 Rd2 22. Be3 Rd3 23. Ra2 Bb4 24. Rcc2 Rad8 25. Bc5 Bc3 26. Ra3 Rd1+ 27.
Kg2 Bd2 {Gheorghiu,F (2520)-Karpov,A (2725) Dubai 1986 1/2-1/2 (60)}) 13... Bf5
(13... Nb4 14. Bc4 Nc6 15. Rd1 Qa5 16. Bd2 Qh5 17. Bc3 Na5 18. Bxa5 Qxa5 19.
Rac1 Bf6 20. Bd5 Rb8 21. Nd4 Bd7 22. Ra1 Rbd8 23. Nc2 Bg4 24. f3 Bc8 25. Kh1
Rd7 26. Be4 Rfd8 27. Rxd7 Rxd7 28. Ne3 {
Tretiakov,A (2274)-Bronnikov,K (2142) Ishevsk 2005 0-1 (40)}) 14. Bf4 $146 (14.
Rd1 Qc7 (14... Qb8 15. Bd2 Bf6 16. Rac1 Bg6 17. Be3 a5 18. h3 h6 19. Nd2 Nb4
20. Be4 Bxe4 21. Nxe4 Qe5 22. Nxf6+ Qxf6 23. Rd7 b6 24. Rcc7 Rad8 25. Qc4 Rxd7
26. Rxd7 Qxb2 27. Bxb6 Qa1+ 28. Kh2 Qxa4 29. Ra7 {
Barbero,G (2440)-Godena,M (2500) Bratto 1998 1/2-1/2 (31)}) 15. Be3 (15. Bg5
Na5 16. Qa2 Bxg5 17. Nxg5 Rac8 18. b4 Nc6 19. Qb3 Qe7 20. h4 h6 21. Re1 Qxb4
22. Bxf7+ Kh8 23. Nf3 Rc7 24. Bd5 Qxb3 25. Bxb3 Rd8 26. Re3 Kh7 27. h5 Rcd7 28.
Nh4 Bd3 29. Rae1 Rb8 {
Kostiukova,L (2165)-Ushenina,A (2348) Alushta 2004 1-0 (53)}) 15... Nb4 16.
Rac1 Bc2 17. Bxb7 Rab8 18. Be4 Bxb3 19. Rxc7 Bxd1 20. Rxe7 Bxa4 21. h4 Bc6 22.
Bc5 Rfe8 23. Rxe8+ Rxe8 24. Bxh7+ Kxh7 25. Bxb4 Bxf3 26. gxf3 Kg6 27. Kg2 Kh5
28. Kg3 Rd8 {Kostiuk,T (2277)-Ushenina,A (2311) St Petersburg 2003 0-1 (38)})
14... Na5 15. Qa2 Qb6 (15... Nc6 16. Rad1 Qb6 17. Ne5 Nxe5 18. Bxe5 $11) 16.
Be3 (16. Rac1 Nc6 17. Be3 Qb4 $14) 16... Qd6 $11 17. Rfd1 Be6 18. b4 Nc6 19.
Bc5 Bxd5 20. Bxd6 Bxa2 21. Bxe7 Nxe7 22. Rxa2 Rfd8 23. Rad2 Nc6 24. Rd7 (24.
Rxd8+ Nxd8 25. g3 Rc8 $11) 24... f6 (24... Kf8 25. R1d2 $11) 25. Rxd8+ $11 Rxd8
26. Rxd8+ Nxd8 27. Nd4 Kf7 28. Kf1 b6 29. Ke2 a5 $4 (29... g6 $142 $11) 30.
bxa5 $18 bxa5 31. Kd3 Ke7 32. Nf5+ (32. Kc4 $142 Kd6 33. Kb5 $18) 32... Ke6 (
32... Kd7 33. Kc4 Kc6 34. Nd4+ Kd6 $18) 33. Nxg7+ Kd5 34. Ne8 Kc5 (34... f5 35.
Nf6+ Kc5 36. Nxh7 $18) 35. Kc3 f5 36. Ng7 f4 37. f3 Kd5 38. Ne8 (38. Nh5 $142
Ne6 39. Nf6+ Ke5 40. Nd7+ Kd6 $18) 38... h6 (38... Nb7 39. Nf6+ Ke6 $18) 39.
Nf6+ Kc5 40. Nd7+ (40. Ng4 $142 Kd5 41. Nxh6 $18) 40... Kd6 $4 (40... Kc6 41.
Ne5+ Kd5 $18) 41. Nb6 $18 Kc5 (41... Nc6 42. Kc4 $18) 42. Nc4 Nb7 43. Ne5 Kd5
44. Nd3 Kc6 (44... Nd6 45. Nxf4+ Kc5 46. Nd3+ Kd5 47. Nf2 $18) 45. Kd4 Kd6 46.
Ne5 h5 (46... Kc7 47. Nc4 $18) 47. h4 Ke6 48. Nc4 Nd6 (48... Kd7 49. Kd5 Kc7
$18) 49. Nxd6 Kxd6 50. Ke4 Kc5 (50... Ke7 51. Kxf4 Kf6 52. g4 Ke6 53. g5 Kd5
54. Kf5 Kd6 55. g6 Ke7 56. Ke5 Kf8 57. Kf6 Ke8 58. g7 Kd7 59. Ke5 Kc6 60. g8=Q
Kc7 61. Qc4+ Kb6 62. Kd6 Kb7 63. Qb3+ Ka6 64. Kc6 Ka7 65. Qb7#) 51. Kxf4 $18
Kb4 52. g4 1-0